[Event "MVP-ch Seniors op 18th"]
[Site "Ostseebad Binz"]
[Date "2018.12.06"]
[Round "9"]
[White "Rollwitz, Juergen"]
[Black "Weyrauch, Erich"]
[Result "1-0"]
[WhiteElo "1920"]
[BlackElo "2069"]
[PlyCount "51"]
[EventDate "2018.11.28"]
[EventType "swiss"]
[EventRounds "9"]
[EventCountry "GER"]
[SourceTitle "CBM 188 Extra"]
[Source "ChessBase"]
[SourceDate "2019.02.26"]
[SourceVersion "1"]
[SourceVersionDate "2019.02.26"]
[SourceQuality "1"]

1. d4 d5 2. Nf3 Nf6 3. e3 Bf5 4. Be2 e6 5. 0-0 Nbd7 6. b3 Bd6 7. Bb2 c6 8. Nbd2 Rc8 9. Re1 0-0 10. Bd3 Ne4 11. a3 Qf6 12. Nf1 Qh6 13. Ne5 Rcd8 14. f3 Bxe5 15. dxe5 Nec5 16. Bxf5 exf5 17. Ng3 g6 18. Qd2 Ne6 19. Ne2 Rfe8 20. Rad1 Ndf8 21. b4 a6 22. Bd4 Nd7 23. Bb2 Qh4 24. f4 Nb6 25. g3 Nc4 26. gxh4 1-0

[Event "MVP-ch Seniors op 18th"]
[Site "Ostseebad Binz"]
[Date "2018.12.05"]
[Round "8"]
[White "Weyrauch, Erich"]
[Black "Klettke, Wolfgang"]
[Result "0-1"]
[WhiteElo "2069"]
[BlackElo "1975"]
[PlyCount "60"]
[EventDate "2018.11.28"]
[EventType "swiss"]
[EventRounds "9"]
[EventCountry "GER"]
[SourceTitle "CBM 188 Extra"]
[Source "ChessBase"]
[SourceDate "2019.02.26"]
[SourceVersion "1"]
[SourceVersionDate "2019.02.26"]
[SourceQuality "1"]

1. e4 c5 2. Nf3 Nc6 3. Nc3 g6 4. d4 cxd4 5. Nxd4 Bg7 6. Be3 Nf6 7. f3 0-0 8. Qd2 d5 9. Nxc6 bxc6 10. e5 Ne8 11. f4 f6 12. Bd4 fxe5 13. fxe5 Nc7 14. 0-0-0 Ne6 15. Qe3 Qc7 16. Bc5 Bxe5 17. Ne2 Rb8 18. Ba3 d4 19. Qd3 c5 20. Qc4 Rb6 21. Ng3 Kg7 22. Ne4 Ba6 23. Qa4 c4 24. Kb1 Rfb8 25. h4 h6 26. Rh3 Qb7 27. b3 Qxe4 28. Qd7 R8b7 29. Qa4 Bb5 30. Qb4 Bd6 0-1

[Event "Rheinland Pfalz op Seniors 16th"]
[Site "Neustadt an der Weinstrasse"]
[Date "2018.07.11"]
[Round "5"]
[White "Weyrauch, Erich"]
[Black "Duijker, Bert"]
[Result "1/2-1/2"]
[WhiteElo "2083"]
[BlackElo "1874"]
[PlyCount "65"]
[EventDate "2018.07.07"]
[EventType "swiss"]
[EventRounds "9"]
[EventCountry "GER"]
[SourceTitle "EXT 2019"]
[Source "ChessBase"]
[SourceDate "2018.10.10"]
[SourceVersion "1"]
[SourceVersionDate "2018.10.10"]
[SourceQuality "1"]

1. e4 g6 2. Bc4 Bg7 3. Nf3 d6 4. d4 Nf6 5. Nc3 0-0 6. h3 Nxe4 7. Nxe4 d5 8. Bd3 dxe4 9. Bxe4 Nd7 10. Bd3 c5 11. c3 cxd4 12. Nxd4 e5 13. Ne2 Nc5 14. Bc2 Qxd1+ 15. Bxd1 Nd3+ 16. Kf1 Be6 17. b3 a5 18. Ba3 Rfd8 19. Bc2 b6 20. Rd1 Nc5 21. f3 Rxd1+ 22. Bxd1 Rd8 23. Kf2 Rd2 24. Bxc5 bxc5 25. a4 f5 26. Ke3 Rb2 27. c4 Bh6+ 28. f4 e4 29. g3 Bg7 30. h4 h5 31. Rg1 Kf7 32. Rh1 Rb1 33. Rg1 1/2-1/2

[Event "Rheinland Pfalz op Seniors 15th"]
[Site "Neustadt an der Weinstrasse"]
[Date "2017.07.22"]
[Round "8"]
[White "Kelchner, Hans"]
[Black "Weyrauch, Erich"]
[Result "1-0"]
[WhiteElo "2165"]
[BlackElo "2093"]
[PlyCount "91"]
[EventDate "2017.07.15"]
[EventType "swiss"]
[EventRounds "9"]
[EventCountry "GER"]
[SourceTitle "EXT 2018"]
[Source "ChessBase"]
[SourceDate "2017.10.13"]
[SourceVersion "1"]
[SourceVersionDate "2017.10.13"]
[SourceQuality "1"]

1. d4 d5 2. Nf3 Nf6 3. Bf4 Nbd7 4. e3 e6 5. Nbd2 c5 6. h3 Be7 7. c3 0-0 8. Bd3 Qb6 9. Qb1 Re8 10. Ne5 Nf8 11. g4 N6d7 12. Nef3 Bd6 13. Ng5 Nf6 14. Be5 Ng6 15. Bxd6 Qxd6 16. f4 Bd7 17. 0-0 Nf8 18. Qe1 Bc6 19. Qh4 h6 20. Ngf3 Ne4 21. g5 hxg5 22. fxg5 Qg3+ 23. Qxg3 Nxg3 24. Rf2 c4 25. Bc2 Nf5 26. Re1 Ng6 27. Kh2 Rac8 28. Nf1 Bd7 29. Ng3 Re7 30. e4 Nxg3 31. Kxg3 dxe4 32. Bxe4 Bc6 33. Bxg6 Bxf3 34. Bxf7+ Rxf7 35. Rxf3 Rxf3+ 36. Kxf3 Kf7 37. Kg4 Rc6 38. h4 Rb6 39. Re2 Rb5 40. Rf2+ Kg8 41. g6 e5 42. Re2 Kf8 43. dxe5 Ke7 44. h5 Rd5 45. Rf2 Ke6 46. h6 1-0

[Event "Rheinland Pfalz op Seniors 15th"]
[Site "Neustadt an der Weinstrasse"]
[Date "2017.07.19"]
[Round "5"]
[White "Weyrauch, Erich"]
[Black "Huettemann, Karl Heinz"]
[Result "1/2-1/2"]
[WhiteElo "2093"]
[BlackElo "2192"]
[PlyCount "107"]
[EventDate "2017.07.15"]
[EventType "swiss"]
[EventRounds "9"]
[EventCountry "GER"]
[SourceTitle "EXT 2018"]
[Source "ChessBase"]
[SourceDate "2017.10.13"]
[SourceVersion "1"]
[SourceVersionDate "2017.10.13"]
[SourceQuality "1"]

1. e4 c5 2. Nf3 Nf6 3. Nc3 d5 4. exd5 Nxd5 5. Ne4 e6 6. b3 f6 7. Be2 e5 8. Ng3 Nc6 9. Bb2 Nf4 10. 0-0 Nxe2+ 11. Qxe2 Qd5 12. h3 Be7 13. c3 Kf7 14. Rfe1 Re8 15. Rad1 Be6 16. d4 exd4 17. cxd4 c4 18. bxc4 Qxc4 19. Qxc4 Bxc4 20. a3 Bd5 21. Nd2 g6 22. Ne2 Rad8 23. Nf1 Na5 24. Ne3 Nc4 25. Nxc4 Bxc4 26. Nc3 f5 27. Bc1 Bd6 28. Re3 Rc8 29. Rde1 Red8 30. Bb2 Rd7 31. g3 Bf8 32. Ne2 Bg7 33. f3 Rcc7 34. Kf2 Bxe2 35. R1xe2 Bxd4 36. Bxd4 Rxd4 37. f4 Rdc4 38. Kf3 Rc3 39. g4 fxg4+ 40. hxg4 R7c5 41. Kf2 Rxe3 42. Rxe3 h5 43. Kg3 hxg4 44. Kxg4 b5 45. Rd3 a5 46. Rd7+ Ke6 47. Rb7 a4 48. Rb6+ Kf7 49. Rb7+ Kf6 50. Rb6+ Kg7 51. Rb8 Rc3 52. Rxb5 Rxa3 53. Ra5 Ra1 54. Kg5 1/2-1/2

[Event "Rheinland Pfalz op Seniors 14th"]
[Site "Neustadt an der Weinstrasse"]
[Date "2016.07.23"]
[Round "8"]
[White "Weyrauch, Erich"]
[Black "Bohne, Lutz"]
[Result "1/2-1/2"]
[WhiteElo "2101"]
[BlackElo "1975"]
[PlyCount "55"]
[EventDate "2016.07.16"]
[EventType "swiss"]
[EventRounds "9"]
[EventCountry "GER"]
[SourceTitle "EXT 2019"]
[Source "ChessBase"]
[SourceDate "2018.10.10"]
[SourceVersion "1"]
[SourceVersionDate "2018.10.10"]
[SourceQuality "1"]

1. e4 c6 2. b3 d5 3. exd5 cxd5 4. Bb2 Nc6 5. Nf3 Bg4 6. Be2 e6 7. d3 Nf6 8. Nbd2 Be7 9. 0-0 0-0 10. c4 Rc8 11. Rc1 a6 12. h3 Bxf3 13. Bxf3 Nb4 14. cxd5 Rxc1 15. Bxc1 Nfxd5 16. Be4 Nxa2 17. Bb2 Nac3 18. Qa1 Bf6 19. Bf3 Qd7 20. Ne4 Nxe4 21. dxe4 Bxb2 22. Qxb2 Nb4 23. Rd1 Qc7 24. Qd4 Nc6 25. Qc3 h6 26. e5 Qxe5 27. Qxe5 Nxe5 28. Bxb7 1/2-1/2

[Event "Rheinland Pfalz op Seniors 14th"]
[Site "Neustadt an der Weinstrasse"]
[Date "2016.07.17"]
[Round "2"]
[White "Weyrauch, Erich"]
[Black "Juergens, Peter1111"]
[Result "1-0"]
[WhiteElo "2101"]
[BlackElo "1938"]
[PlyCount "135"]
[EventDate "2016.07.16"]
[EventType "swiss"]
[EventRounds "9"]
[EventCountry "GER"]
[SourceTitle "EXT 2019"]
[Source "ChessBase"]
[SourceDate "2018.10.10"]
[SourceVersion "1"]
[SourceVersionDate "2018.10.10"]
[SourceQuality "1"]

1. d4 e6 2. c4 Nf6 3. Nf3 b6 4. Nc3 Bb4 5. Qc2 Bb7 6. Bg5 h6 7. Bh4 Be7 8. e4 d5 9. cxd5 exd5 10. Bxf6 Bxf6 11. e5 Be7 12. Bd3 0-0 13. 0-0 Nd7 14. Rfe1 c5 15. Bf5 Re8 16. Rad1 Nf8 17. e6 fxe6 18. Bxe6+ Nxe6 19. Rxe6 Bf6 20. Rxe8+ Qxe8 21. Qf5 cxd4 22. Nxd5 Bxd5 23. Qxd5+ Kh8 24. Qb3 Rd8 25. g3 Qd7 26. Qd3 Qd5 27. a3 a5 28. Re1 Rc8 29. Nd2 Kg8 30. Qg6 Qf7 31. Qd3 Qd5 32. Ne4 Qc6 33. Re2 Kf7 34. Kg2 g6 35. f3 Bg7 36. h4 Kg8 37. Nf2 b5 38. Re7 Qc5 39. Qe4 Qc6 40. Qg4 Re8 41. Rxe8+ Qxe8 42. Qe4 Qxe4 43. fxe4 Kf7 44. Kf3 Ke6 45. Nd3 Be5 46. Nc5+ Kf6 47. g4 Bc7 48. Nd3 Bd6 49. Kf2 Ke6 50. Kg2 Kf6 51. Kh3 g5 52. h5 Ke6 53. Kg2 Kf6 54. Kf3 Ke6 55. Ke2 Kf6 56. Ne1 Ke5 57. Kf3 Kf6 58. Nd3 Ke6 59. Ke2 Kf6 60. Kd2 Ke6 61. Kc2 a4 62. b4 axb3+ 63. Kxb3 Kf6 64. a4 bxa4+ 65. Kxa4 Bf4 66. Kb5 Bd2 67. Kc5 Be3 68. Kd6 1-0

[Event "Hessen-ch Seniors op 12th"]
[Site "Bad Sooden-Allendorf"]
[Date "2016.05.08"]
[Round "9"]
[White "Schwertel, Johann"]
[Black "Weyrauch, Erich"]
[Result "1/2-1/2"]
[WhiteElo "1981"]
[BlackElo "2116"]
[PlyCount "42"]
[EventDate "2016.04.30"]
[EventType "swiss"]
[EventRounds "9"]
[EventCountry "GER"]
[SourceTitle "EXT 2019"]
[Source "ChessBase"]
[SourceDate "2018.10.10"]
[SourceVersion "1"]
[SourceVersionDate "2018.10.10"]
[SourceQuality "1"]

1. d4 d5 2. Nf3 Bf5 3. c3 Nf6 4. Bf4 Nbd7 5. Ne5 c6 6. Nd2 Nxe5 7. Bxe5 Nd7 8. Bg3 e6 9. e3 Qb6 10. Qb3 Be7 11. Be2 c5 12. Qxb6 Nxb6 13. dxc5 Bxc5 14. Nb3 Be7 15. Nd4 Bg6 16. Nb5 0-0 17. Rd1 Rfd8 18. Bc7 Rdc8 19. Bxb6 axb6 20. a3 h6 21. 0-0 Rc5 1/2-1/2

[Event "Hessen-ch Seniors op 12th"]
[Site "Bad Sooden-Allendorf"]
[Date "2016.05.06"]
[Round "7"]
[White "Hilbig, Dieter"]
[Black "Weyrauch, Erich"]
[Result "1/2-1/2"]
[WhiteElo "2001"]
[BlackElo "2116"]
[PlyCount "116"]
[EventDate "2016.04.30"]
[EventType "swiss"]
[EventRounds "9"]
[EventCountry "GER"]
[SourceTitle "EXT 2019"]
[Source "ChessBase"]
[SourceDate "2018.10.10"]
[SourceVersion "1"]
[SourceVersionDate "2018.10.10"]
[SourceQuality "1"]

1. e4 c5 2. Nc3 d6 3. f4 Nc6 4. Nf3 g6 5. Bc4 Bg7 6. 0-0 e6 7. d3 Nge7 8. a3 a6 9. Qe1 Nd4 10. Nxd4 Bxd4+ 11. Kh1 Bd7 12. f5 Nc6 13. fxe6 fxe6 14. Bf4 Be5 15. Qg3 Qe7 16. Ne2 0-0-0 17. c3 Bxf4 18. Nxf4 g5 19. Ne2 h5 20. d4 Na5 21. Ba2 Bb5 22. Qe3 c4 23. Rf2 Rhf8 24. Raf1 Rxf2 25. Qxf2 Nb3 26. Ng1 Be8 27. Bxb3 cxb3 28. Qf6 Kd7 29. Nh3 Qxf6 30. Rxf6 Ke7 31. Rh6 g4 32. Nf4 e5 33. Nd5+ Kf8 34. dxe5 dxe5 35. Rb6 Bc6 36. c4 Kf7 37. Rxb3 Ke6 38. Rd3 Rd7 39. Kg1 b5 40. b3 bxc4 41. bxc4 Rb7 42. h3 gxh3 43. Rxh3 Rb1+ 44. Kh2 Rc1 45. Rxh5 Rxc4 46. Rh6+ Kf7 47. Rf6+ Kg7 48. Re6 Bxd5 49. exd5 Ra4 50. Kg3 Rxa3+ 51. Kg4 a5 52. Kf5 Kf7 53. Rf6+ Ke7 54. d6+ Kd7 55. Kxe5 Re3+ 56. Kd5 Rd3+ 57. Kc5 Rc3+ 58. Kd4 Rg3 1/2-1/2

[Event "Schleswig Holstein-ch Seniors op 9th"]
[Site "Buesum"]
[Date "2015.09.30"]
[Round "3"]
[White "Weyrauch, Erich"]
[Black "Quiring, Nikolai"]
[Result "0-1"]
[WhiteElo "2153"]
[BlackElo "2048"]
[PlyCount "70"]
[EventDate "2015.09.28"]
[EventType "swiss"]
[EventRounds "9"]
[EventCountry "GER"]
[SourceTitle "EXT 2018"]
[Source "ChessBase"]
[SourceDate "2017.10.13"]
[SourceVersion "1"]
[SourceVersionDate "2017.10.13"]
[SourceQuality "1"]

1. e4 e6 2. c4 d5 3. cxd5 exd5 4. Qb3 c6 5. d4 Nf6 6. e5 Ne4 7. Nc3 Qa5 8. f3 Nxc3 9. bxc3 c5 10. Bd2 c4 11. Qc2 g6 12. g4 h5 13. Be2 Be7 14. Rb1 b5 15. Qb2 Bd7 16. Kf2 Qd8 17. Kg2 hxg4 18. fxg4 Bg5 19. h3 a6 20. Nf3 Be7 21. Qc1 Nc6 22. Bg5 Bxg5 23. Nxg5 Qe7 24. Bf3 Be6 25. Qd2 Rb8 26. a3 a5 27. h4 Qxa3 28. Nxe6 fxe6 29. Qg5 Ne7 30. Qf6 Kd7 31. Rxb5 Rxb5 32. Qxh8 Qxc3 33. h5 Rb2+ 34. Kg3 g5 35. Qf6 Qd2 0-1

[Event "GER-chA Seniors 27th"]
[Site "Magdeburg"]
[Date "2015.08.19"]
[Round "5"]
[White "Kiefer, Gerhard"]
[Black "Weyrauch, Erich"]
[Result "1-0"]
[WhiteElo "2230"]
[BlackElo "2153"]
[PlyCount "71"]
[EventDate "2015.08.15"]
[EventType "swiss"]
[EventRounds "9"]
[EventCountry "GER"]
[SourceTitle "EXT 2018"]
[Source "ChessBase"]
[SourceDate "2017.10.13"]
[SourceVersion "1"]
[SourceVersionDate "2017.10.13"]
[SourceQuality "1"]

1. e4 e5 2. Nf3 Nc6 3. Bb5 a6 4. Ba4 Nf6 5. 0-0 b5 6. Bb3 Be7 7. Re1 d6 8. c3 0-0 9. h3 h6 10. d4 exd4 11. cxd4 Na5 12. Bc2 c5 13. Nbd2 Re8 14. Nf1 Bf8 15. Ng3 Nc6 16. d5 Ne5 17. Nxe5 Rxe5 18. a4 Rb8 19. axb5 axb5 20. Bf4 Re8 21. Ra7 Qb6 22. Ra3 Rb7 23. Be3 Qc7 24. f4 c4 25. Bd4 Nd7 26. Nf5 g6 27. Rg3 Nc5 28. Nh4 Kh7 29. e5 Bg7 30. Nxg6 Nd3 31. Bxd3 cxd3 32. Qxd3 f5 33. e6 Bxd4+ 34. Qxd4 Qc5 35. Qxc5 dxc5 36. Nh4 1-0

[Event "Hessen-ch Seniors op 11th"]
[Site "Bad Sooden-Allendorf"]
[Date "2015.05.13"]
[Round "5"]
[White "Kalkmann, Hans"]
[Black "Weyrauch, Erich"]
[Result "0-1"]
[WhiteElo "1953"]
[BlackElo "2112"]
[PlyCount "73"]
[EventDate "2015.05.09"]
[EventType "swiss"]
[EventRounds "9"]
[EventCountry "GER"]
[SourceTitle "EXT 2018"]
[Source "ChessBase"]
[SourceDate "2017.10.13"]
[SourceVersion "1"]
[SourceVersionDate "2017.10.13"]
[SourceQuality "1"]

1. d4 d5 2. Nf3 Bf5 3. g3 Nd7 4. Bg2 c6 5. 0-0 h6 6. Ne1 e6 7. Nd3 Ngf6 8. b3 Rc8 9. Bb2 Be7 10. Nd2 Bxd3 11. exd3 Nf8 12. Nf3 Ng6 13. Ne5 Nxe5 14. dxe5 Nd7 15. Qe2 c5 16. c4 Nb6 17. Bc3 Na8 18. Qf3 d4 19. Bd2 b6 20. Qe2 0-0 21. f4 Nc7 22. Qg4 f5 23. exf6 Rxf6 24. Be4 Qe8 25. Rae1 Qf7 26. Kh1 Rd8 27. Rg1 Ne8 28. Qe2 Nd6 29. Bf3 Bf8 30. Bg4 Nf5 31. Bh5 g6 32. Bf3 Ng7 33. Rgf1 Bd6 34. Be4 Rf8 35. Qg2 Kh8 36. Qh3 g5 37. fxg5 0-1

[Event "GER-chA Seniors 26th"]
[Site "Bad Neuenahr"]
[Date "2014.08.11"]
[Round "7"]
[White "Weyrauch, Erich"]
[Black "Manthey, Juergen"]
[Result "0-1"]
[WhiteElo "2126"]
[BlackElo "2017"]
[PlyCount "62"]
[EventDate "2014.08.05"]
[EventType "swiss"]
[EventRounds "9"]
[EventCountry "GER"]
[SourceTitle "EXT 2018"]
[Source "ChessBase"]
[SourceDate "2017.10.13"]
[SourceVersion "1"]
[SourceVersionDate "2017.10.13"]
[SourceQuality "1"]

1. e4 c5 2. Nf3 Nc6 3. d4 cxd4 4. Nxd4 Nf6 5. Nc3 e5 6. Ndb5 d6 7. Bg5 a6 8. Na3 b5 9. Bxf6 gxf6 10. Nd5 f5 11. Bxb5 axb5 12. Nxb5 Ra4 13. Nbc7+ Kd7 14. 0-0 Rxe4 15. g3 Ne7 16. Qh5 Nxd5 17. Nxd5 Ke8 18. a4 Be6 19. Nc3 Rb4 20. a5 Rxb2 21. a6 Qa8 22. Ra5 Rxc2 23. Nb5 Be7 24. a7 Kd7 25. Rfa1 Rhc8 26. Qd1 Bd5 27. Nxd6 Kxd6 28. Rb5 R8c6 29. Qxd5+ Kc7 30. Rab1 Qxa7 31. Qxf7 Qxf2+ 0-1

[Event "GER-chA Seniors 26th"]
[Site "Bad Neuenahr"]
[Date "2014.08.10"]
[Round "6"]
[White "Dahlhaus, Friedhelm"]
[Black "Weyrauch, Erich"]
[Result "1/2-1/2"]
[WhiteElo "2059"]
[BlackElo "2126"]
[PlyCount "113"]
[EventDate "2014.08.05"]
[EventType "swiss"]
[EventRounds "9"]
[EventCountry "GER"]
[SourceTitle "EXT 2018"]
[Source "ChessBase"]
[SourceDate "2017.10.13"]
[SourceVersion "1"]
[SourceVersionDate "2017.10.13"]
[SourceQuality "1"]

1. e4 c5 2. Nf3 Nc6 3. d4 cxd4 4. Nxd4 e6 5. c4 a6 6. Nc3 Qc7 7. Be3 Nf6 8. Be2 Bb4 9. Qc2 Ne5 10. f3 Nxc4 11. Bxc4 Qxc4 12. Kf2 0-0 13. Rac1 Qc7 14. Qd3 Qb8 15. Bg5 Be7 16. Qe3 d6 17. g4 Bd7 18. Bxf6 Bxf6 19. Rcd1 Bc6 20. g5 Be5 21. f4 Bxd4 22. Qxd4 d5 23. e5 Qa7 24. Ke3 Qxd4+ 25. Kxd4 Rac8 26. Rc1 Bd7 27. Ne2 Bc6 28. Rc3 f6 29. gxf6 gxf6 30. Rg1+ Kh8 31. Rcg3 Bb5 32. Nc3 Rc4+ 33. Kd3 fxe5 34. fxe5 Rg4+ 35. Nxb5 Rxg3+ 36. Rxg3 axb5 37. Kd4 Rc8 38. Rb3 Rc4+ 39. Kd3 b4 40. a3 bxa3 41. bxa3 Kg7 42. Rb6 Kf7 43. Rxb7+ Kg6 44. Rb4 Rc6 45. Rf4 Kg5 46. Rf7 h5 47. a4 Kg4 48. a5 Ra6 49. Rf6 h4 50. Kc3 Rxa5 51. Rxe6 Kf5 52. Rh6 Kxe5 53. Rxh4 Ra3+ 54. Kd2 Kd6 55. Rh8 Kc5 56. Rh5 Kc4 57. Rh8 1/2-1/2

[Event "GER-chA Seniors 26th"]
[Site "Bad Neuenahr"]
[Date "2014.08.06"]
[Round "2"]
[White "Schmidt, Gerhard3333"]
[Black "Weyrauch, Erich"]
[Result "1-0"]
[WhiteElo "2232"]
[BlackElo "2126"]
[PlyCount "55"]
[EventDate "2014.08.05"]
[EventType "swiss"]
[EventRounds "9"]
[EventCountry "GER"]
[SourceTitle "EXT 2018"]
[Source "ChessBase"]
[SourceDate "2017.10.13"]
[SourceVersion "1"]
[SourceVersionDate "2017.10.13"]
[SourceQuality "1"]

1. d4 d5 2. Nf3 Nf6 3. c4 c6 4. e3 Bf5 5. Bd3 Bxd3 6. Qxd3 e6 7. Nc3 Nbd7 8. 0-0 Bd6 9. e4 dxe4 10. Nxe4 Nxe4 11. Qxe4 Nf6 12. Qe2 h6 13. b3 0-0 14. Bb2 Re8 15. Rad1 Qe7 16. Rd3 Rad8 17. Rfd1 a5 18. a4 Ba3 19. Ba1 Bd6 20. Ne5 Nd7 21. Nf3 Nf6 22. g3 Qc7 23. Kg2 Nh7 24. Bc3 b6 25. c5 bxc5 26. dxc5 Bxc5 27. Rxd8 Rxd8 28. Qe5 1-0

[Event "GER-chA Seniors 26th"]
[Site "Bad Neuenahr"]
[Date "2014.08.05"]
[Round "1"]
[White "Weyrauch, Erich"]
[Black "Thieme, Wolfgang"]
[Result "1-0"]
[WhiteElo "2126"]
[BlackElo "1965"]
[PlyCount "73"]
[EventDate "2014.08.05"]
[EventType "swiss"]
[EventRounds "9"]
[EventCountry "GER"]
[SourceTitle "EXT 2018"]
[Source "ChessBase"]
[SourceDate "2017.10.13"]
[SourceVersion "1"]
[SourceVersionDate "2017.10.13"]
[SourceQuality "1"]

1. e4 c5 2. Nf3 e6 3. d4 cxd4 4. Nxd4 Bc5 5. Nc3 Qb6 6. Na4 Qa5+ 7. c3 Bxd4 8. Qxd4 Nf6 9. Nc5 Nc6 10. Qe3 b6 11. Nb3 Qa4 12. f3 Ba6 13. Bxa6 Qxa6 14. Qe2 Qxe2+ 15. Kxe2 d5 16. exd5 Nxd5 17. Rd1 Rd8 18. c4 Ndb4 19. Rxd8+ Kxd8 20. Bf4 Ke7 21. a3 Nc2 22. Rd1 Rd8 23. Rxd8 Kxd8 24. Bg3 N2d4+ 25. Nxd4 Nxd4+ 26. Kd3 Nc6 27. b4 a6 28. b5 axb5 29. cxb5 Ne7 30. a4 Nd5 31. Kd4 Kd7 32. Be1 Nf4 33. g3 Ne2+ 34. Kd3 Nc1+ 35. Kc4 Ne2 36. Bf2 Kc7 37. Be3 1-0

[Event "Hessen-ch Seniors op 10th"]
[Site "Bad Sooden-Allendorf"]
[Date "2014.04.29"]
[Round "4"]
[White "Tuertmann, Dieter"]
[Black "Weyrauch, Erich"]
[Result "1-0"]
[WhiteElo "1967"]
[BlackElo "2160"]
[PlyCount "99"]
[EventDate "2014.04.26"]
[EventType "swiss"]
[EventRounds "9"]
[EventCountry "GER"]
[SourceTitle "EXT 2018"]
[Source "ChessBase"]
[SourceDate "2017.10.13"]
[SourceVersion "1"]
[SourceVersionDate "2017.10.13"]
[SourceQuality "1"]

1. c4 e5 2. g3 f5 3. Nc3 Nf6 4. Bg2 Be7 5. d3 0-0 6. Nf3 d6 7. 0-0 Nc6 8. a3 a6 9. Bg5 Qe8 10. Bxf6 Bxf6 11. Nd5 Bd8 12. b4 Ne7 13. Nxe7+ Bxe7 14. Qc2 Bf6 15. Rab1 c6 16. e3 Be6 17. Nd2 g5 18. Nb3 Qg6 19. f3 h5 20. d4 Rad8 21. g4 Kg7 22. gxf5 Bxf5 23. e4 Bc8 24. d5 g4 25. Kh1 Bg5 26. Qe2 Bf4 27. Nc1 cxd5 28. cxd5 Bd7 29. Nd3 Bb5 30. h3 Qg5 31. fxg4 Bxd3 32. Qxd3 hxg4 33. Rb3 Rf7 34. Qe2 Rh8 35. Rg1 Kf6 36. Bf1 Rg7 37. a4 Rh4 38. b5 a5 39. b6 Qh6 40. Rc3 g3 41. Qg2 Qh7 42. Rc8 Kg5 43. Rf8 Qh6 44. Qxg3+ Bxg3 45. Rxg3+ Kh5 46. Be2+ Rgg4 47. Bxg4+ Rxg4 48. Rf5+ Kh4 49. Rxg4+ Kxh3 50. Rgg5 1-0